A carregar...
Theory and design of pressure vessels /
| Outros Autores: | |
|---|---|
| Formato: | Printed Book |
| Publicado em: |
New Delhi:
CBS,
2001.
|
| Assuntos: |
| LEADER | 00516cam a2200157ua 4500 | ||
|---|---|---|---|
| 008 | 100616t2001||||||||||| 00 ||||| c | ||
| 082 | |a 681.760 41 |b HAR/T | ||
| 245 | 1 | 0 | |a Theory and design of pressure vessels / |
| 260 | |a New Delhi: |b CBS, |c 2001. | ||
| 300 | |a 623p.. | ||
| 362 | 1 | |a 2001. | |
| 650 | 0 | |a Pressure vessels-Design | |
| 700 | 0 | 2 | |a Harvey,, John F. |
| 942 | |c BK | ||
| 999 | |c 22361 |d 22361 | ||
| 952 | |0 0 |1 0 |4 0 |6 681_760000000000000_41_HAR |7 0 |9 23699 |a KUCL |b KUCL |d 2014-05-23 |l 0 |o 681.760 41 HAR/ |p 22816 |r 2014-05-23 |w 2014-05-23 |y BK | ||